000 00466nam a2200193Ia 4500
005 20240823024913.0
008 240823s9999||||xx |||||||||||||| ||und||
020 _a81-7881-095-6
041 _aENGLISH
082 _A368.01 P4
100 _aBoard of Editors
245 0 _aClaims Management Vol II
250 _a1st
260 _c2004
_bICFA I Unive
_aHyderabad
500 _aYES
650 _aManagement
_bManagement Studies
942 _cBK
999 _c185023
_d185023